000
00299nam a22001337a 4500
008
181019b xxu||||| |||| 00| 0 eng d
020
_a
9780782142679
041
_a
eng
080
_a
004
100
_a
30
101
_a
SHK
245
_a
Windows Server 2003 Upgarrde
_c
Lisa.d
942
_2
udc
_c
BK
999
_c
50174
_d
50174